LEADER 00889cam0-2200313---450- 001 990004789660403321 005 20070319154943.0 035 $a000478966 035 $aFED01000478966 035 $a(Aleph)000478966FED01 035 $a000478966 100 $a19990604d1963----km-y0itay50------ba 101 0 $aeng 102 $aGB 105 $aaf--a---001yy 200 1 $aEarly english stages 1300 to 1660$fby Glynne Wickham 210 $aLondon$cRoutledge and Kegan Paul$d1963 215 $a2 v., tav.$cill.$d26 cm 327 1 $a1.: 1300 to 1576$a2.: 1576 to 1660 610 0 $aTeatro inglese$aSec.14.-17. 676 $a792.0942 700 1$aWickham,$bGlynne$0165772 801 0$aIT$bUNINA$c20070319$gRICA$2UNIMARC 901 $aBK 912 $a990004789660403321 952 $a792.09 WIC 1(1-2)$fFLFBC 959 $aFLFBC 996 $aEarly english stages$9482523 997 $aUNINA LEADER 01734nam 2200385Ia 450 001 996384258703316 005 20221108005039.0 035 $a(CKB)1000000000593067 035 $a(EEBO)2240937433 035 $a(OCoLC)9920451200971 035 $a(EXLCZ)991000000000593067 100 $a19950918d1551 uy | 101 0 $aeng 135 $aurbn||||a|bb| 200 12$aA proclamation set furth by the Kinges Maiesty, with the aduise of his highnes most honorable privy counsail, concerning casters and senders abrode of slaunderous and sedicious billes, the xx. day of May the v. yere of his most prosperous reigne$b[electronic resource] 210 $a[London?] $cRichardus Grafton typographus Regius excudebat$dMense Maij A.M.D.LI. [1551] 215 $a1 sheet ([1] p.) 300 $aContains woodcut initial. 300 $a"Cum priuilegio ad imprimendum solum." 300 $aReproduction of original in: Society of Antiquaries. 330 $aeebo-0147 606 $aFreedom of the press$zEngland 606 $aOffenses against public safety$zEngland 607 $aGreat Britain$xHistory$yEdward VI, 1547-1553 608 $aBroadsides$zLondon (England)$y16th century.$2rbgenr 615 0$aFreedom of the press 615 0$aOffenses against public safety 701 $aEdward$cKing of England,$f1537-1553.$01002269 801 0$bEBK 801 1$bEBK 801 2$bWaOLN 906 $aBOOK 912 $a996384258703316 996 $aA proclamation set furth by the Kinges Maiesty, with the aduise of his highnes most honorable privy counsail, concerning casters and senders abrode of slaunderous and sedicious billes, the xx. day of May the v. yere of his most prosperous reigne$92301643 997 $aUNISA